000 00281nam a2200097Ia 4500
001 1033840
005 20250826231716.0
008 250824s9999 xx 000 0 und d
245 0 _aDİPPER İLE MABEL ZAMAN KORSANLARI HAZİNESİNİN LANETİ
_cJEFFREY ROWE
260 _bBETA YAYINLARI
999 _c1033840
_d1033840